000 00664nam a2200229 4500
003 OSt
005 20240718070511.0
006 a
008 240718b |||||||| |||| 00| 0 eng d
020 _a0582432308
040 _aDWCL-Main lib.
_cOC
082 _aCirc. 670.285 T582e 2003
100 _aTimings, Roger
245 _aE-manufacturer /
260 _aEngland:
_bPerason Education Limited,
_cc2003.
300 _ax,
_b280 p. : ill. ;
_c24 cm.
504 _aIncludes index.
650 _a1. Production engineering.
650 _a2. Manufacturing process.
650 _a3. Computer integrated manufacturing systems.
942 _2ddc
_n0
_cBK-CIRC
_kCirc.
999 _c2378
_d2378